Mexican States Without First or Last Letters Quiz #2 - Statistics

General Stats
  • This quiz has been taken 13 times
  • The average score is 8 of 8
Answer Stats
Mexican States Without First or Last Letters Full Mexican State Names % Correct
aj aliforni Baja California
100%
olim Colima
100%
uerrer Guerrero
100%
eracru Veracruz (Veracruz de Ignacio de la Llave)
100%
ampech Campeche
90%
orelo Morelos
90%
inalo Sinaloa
90%
ayari Nayarit
80%
No matching quizzes found
Score Distribution
Percent of People with Each Score
Percentile by Number Answered
Your Score History
You have not taken this quiz